000 00553nam a22001817a 4500
005 20251127181905.0
008 251125b |||||||| |||| 00| 0 eng d
020 _a978-81-19613-31-1
041 _aeng
082 _a615.1 GAH-P
100 _aGAHLOT, DR. VINOD
_98773
245 _aPHARMACOLOGY -I EXAM SUCCESS COMPANION [ Previous 5 years solved questions papers] 4th semester . B.Pharm
250 _a1st ed, 2024
260 _aNew delhi
_binnovative publications pvt.ltd
_c2024
300 _a202;p
650 _aPHARMACY
_xB.PHARMA
942 _cBK
999 _c8983
_d8981